| 000 | 01187 a2200229 4500 | ||
|---|---|---|---|
| 020 | _a075060669X | ||
| 020 | _a9780750606691 | ||
| 082 | 0 | 4 | _a658.15 |
| 090 |
_c2472 _d2472 |
||
| 100 | 1 | _aBroadbent, Michael. | |
| 245 | 1 | 0 |
_aManaging financial resources / _cMichael Broadbent. |
| 260 |
_a[S.l.] : _bButterworth-Heinemann, _c1993. |
||
| 300 |
_a384 p. ; _c23 cm. |
||
| 490 | 1 | _aInstitute of management foundation. | |
| 500 | _aPaperback. | ||
| 520 | _aSuitable for managers on Certificate in Management programmes or Part I of Diploma in Management programmes accredited by BTEC or CNAA. Real examples and case studies are used throughout to illustrate points in a practical context. The book covers financial planning, including statistical and cost analysis, basic accounting procedures, methods of improving profitability and techniques of financial monitoring and control. | ||
| 700 | 1 | _aCullen, John. | |
| 830 | 0 | _aInstitute of management foundation. | |
| 856 | 4 | 0 |
_3Amazon.com _uhttp://www.amazon.com/exec/obidos/ASIN/075060669X/chopaconline-20 |
| 856 | 4 | 0 |
_3Amazon customer reviews _uhttp://www.chopac.org/cgi-bin/tools/azrev.pl?q=075060669X |
| 942 |
_aNBS _cBK _k658.15 BRO |
||
| 999 |
_c344969 _d344969 |
||